Paroles "Nous sommes un" - Le roi lion 2 (Disney) - Statistiques

Statistiques générales
  • Ce quiz a été pris 1 640 fois
  • Le résultat moyen est 166 sur 203
Statistiques - réponses
Personnage Paroles % Correct
nous
97%
le
96%
un
96%
a
95%
de
95%
Et
95%
et
95%
sommes
95%
les
94%
Pour
93%
pour
93%
la
92%
92%
ne
92%
te
92%
toi
92%
Simba Toi
92%
vie
92%
moi
91%
ô
91%
que
91%
sans
91%
Simba Dans
90%
il
90%
par
90%
du
89%
Choeurs Une
89%
une
89%
Comme
88%
comme
88%
pas
88%
tu
88%
y
87%
être
86%
notre
86%
ou
86%
famille
85%
lions
85%
Kiara Pourquoi
85%
grand
84%
qu'un
84%
choses
83%
loi
83%
pourrais-je
83%
simplement
83%
tant
83%
Terre
83%
comprendre
82%
d'un
82%
l'objet
82%
millions
82%
mon
82%
projet
82%
qu'on
82%
seule
82%
voit
82%
ciel
81%
coeur
81%
destin
81%
font
81%
suis-je
81%
tout
81%
va
81%
votre
81%
son
80%
ton
80%
chemin
79%
guider
79%
plus
79%
près
79%
soleil
79%
sous
78%
verras
78%
Car
77%
car
77%
nos
76%
seront
76%
temps
76%
joie
75%
trajet
75%
combien
74%
marcherons
74%
pareils
74%
pourtant
74%
qui
74%
sur
74%
tien
74%
tous
74%
Tous
74%
caprices
73%
commencer
73%
attendre
72%
ensemble
72%
peine
72%
rien
72%
vient
72%
voyage
72%
avec
71%
Simba Ceux
71%
faire
71%
ont
71%
chez
70%
courage
69%
quitté
69%
tiens
69%
trouveras
69%
vaincra
69%
puis-je
68%
soutien
67%
forts
66%
coeurs
64%
soient
64%
quels
59%
unis
53%
desseins
42%
Choeurs C'est
26%
Aucun quiz correspondant
Distribution des résultats
% des personnes avec chaque résultat
Percentile par nombre de réponses
Votre historique - résultats
Vous n’avez pas pris ce quiz